000 00584nam a22001817a 4500
003 DO-CoUTE
005 20260430175806.0
008 260430b dr ||||| |||| 00| 0 spa d
040 _aDO-CoUTE
_bspa
_cDO-CoUTE
082 _a972.91L966
100 1 _aLuque Escalona, Roberto
_eAutor
245 1 0 _aRolando Masferrer en el País de los mitos /
_cRoberto Luque Escalona
260 _aMiami ;
_bEdiciones Universal
300 _a149 Paginas :
_c23cm,
504 _a Incluye referencia bibliográfica e índice.
700 1 _aRoberto Luque Escalona
_eAutor
942 _2ddc
_cBK
999 _c24156
_d24156